| 000 | 01284cam a22003255a 4500 | ||
|---|---|---|---|
| 999 |
_c25629 _d25601 |
||
| 003 | EG-ScBUE | ||
| 005 | 20191218093308.0 | ||
| 008 | 171121r20072002enka f 001 0 eng d | ||
| 020 | _a9780521789578 | ||
| 020 | _a0521789575 | ||
| 040 |
_aEG-ScBUE _beng _erda _cEG-ScBUE _dEG-ScBUE |
||
| 082 | 0 | 4 |
_a428.24 _bMCC _222 |
| 100 | 1 |
_aMcCarthy, Michael, _e1947- _dauthor. |
|
| 245 | 1 | 0 |
_aEnglish idioms in use : _b60 units of vocabulary and practice, self study and classroom use / _cMichael McCarthy, Felicity O'Dell. |
| 250 | _aSeventh printing. | ||
| 264 | 1 |
_aCambridge, UK : _bCambridge University Press, _c2007. |
|
| 300 |
_a190 pages : _billustrations ; _c25 cm |
||
| 336 |
_2rdacontent _atext _btxt |
||
| 337 |
_2rdamedia _aunmediated _bn |
||
| 338 |
_2rdacarrier _avolume _bnc |
||
| 500 | _aIncludes index. | ||
| 520 | _a"English Idioms in Use Advanced is a vocabulary book for advanced level learners. It is primarily designed as a self-study reference and practice book but it can also be used for classroom work." | ||
| 590 | _ashimaahisham | ||
| 650 | 7 |
_aEnglish language. _xIdioms. _2BUEsh |
|
| 650 | 7 |
_aEnglish language _xUsage. _2BUEsh |
|
| 653 |
_cJuly2019 _bHHUUEENN |
||
| 655 | _vReading book | ||
| 700 | 1 |
_aO'Dell, Felicity, _d1947- _eauthor. |
|
| 942 |
_2ddc _cBB |
||